00560nam a2200193Ia 4500008004100000020001800041082000800059100001800067245004400085250000600129260003200135300001000167500002400177650001000201700004100211942000700252952009000259999001700349230524s9999 xx 000 0 und d a9788174092953 bVAZ aV.N. Vazirani 0aDesign and Analysis of Steel Structures a5 aNew DelhibKhanna Pubc2015 a979p; aQuantity Number: 1 aCivil a"M.M. Ratwani , Vineet Kumar"942849 cBK 00104070aTATCLbTATCLcGENd2023-05-24l0o VAZp54133r2023-05-24w2023-05-24yBK c57821d57821